[Event "FRM-chT2"]
[Site "Struga"]
[Date "2024.07.11"]
[Round "6.2"]
[White "Tadic, Stefan"]
[Black "Angjelkoski, Metodija"]
[Result "1-0"]
[WhiteElo "2435"]
[BlackElo "1872"]
[PlyCount "71"]
[EventDate "2024.07.07"]
[EventType "team-tourn"]
[EventRounds "9"]
[EventCountry "MKD"]
[SourceTitle "EXT 2025"]
[Source "ChessBase"]
[SourceDate "2024.10.14"]
[SourceVersion "1"]
[SourceVersionDate "2024.10.14"]
[SourceQuality "1"]

1. e4 c5 2. Nc3 d6 3. f4 Nc6 4. Nf3 a6 5. a4 g6 6. Bc4 e6 7. 0-0 Bg7 8. f5 Nge7 9. fxe6 Bxe6 10. Bxe6 fxe6 11. Ng5 Nd4 12. Nf7 Qd7 13. Nxh8 Bxh8 14. d3 Nec6 15. Bg5 h6 16. Bh4 Ne5 17. Ne2 Ndc6 18. c3 g5 19. Bg3 0-0-0 20. d4 Nc4 21. Qc1 N6a5 22. Ra2 Qc6 23. b4 Nb3 24. Qd1 Ne3 25. Qxb3 c4 26. Qb1 Nxf1 27. Kxf1 Rf8+ 28. Kg1 h5 29. b5 Qb6 30. Qb4 e5 31. Qxc4+ Kb8 32. a5 Qd8 33. bxa6 Qf6 34. Nc1 exd4 35. Rf2 Qh6 36. Qb4 1-0

[Event "FRM-chT2"]
[Site "Struga"]
[Date "2024.07.10"]
[Round "5.2"]
[White "Budisavljevic, Luka"]
[Black "Tadic, Stefan"]
[Result "1/2-1/2"]
[WhiteElo "2478"]
[BlackElo "2435"]
[PlyCount "35"]
[EventDate "2024.07.07"]
[EventType "team-tourn"]
[EventRounds "9"]
[EventCountry "MKD"]
[SourceTitle "EXT 2025"]
[Source "ChessBase"]
[SourceDate "2024.10.14"]
[SourceVersion "1"]
[SourceVersionDate "2024.10.14"]
[SourceQuality "1"]

1. d4 d5 2. c4 dxc4 3. Nf3 Nf6 4. e3 e6 5. Bxc4 c5 6. 0-0 Be7 7. dxc5 Qxd1 8. Rxd1 Bxc5 9. b3 Nc6 10. Bb2 0-0 11. Nbd2 Rd8 12. Bb5 Bd7 13. Be2 Be8 14. Nc4 Nd5 15. a3 Be7 16. e4 Nf4 17. Bf1 f6 18. b4 1/2-1/2

[Event "Cetinje Dragasevic Memorial"]
[Site "Cetinje"]
[Date "2024.06.29"]
[Round "9"]
[White "Engin, Onur Cinar"]
[Black "Tadic, Stefan"]
[Result "0-1"]
[WhiteElo "2114"]
[BlackElo "2421"]
[PlyCount "88"]
[EventDate "2024.06.22"]
[EventType "swiss"]
[EventRounds "9"]
[EventCountry "MNE"]
[SourceTitle "CBM 220 Extra"]
[Source "ChessBase"]
[SourceDate "2024.07.31"]
[SourceVersion "1"]
[SourceVersionDate "2024.07.31"]
[SourceQuality "1"]

1. e4 e5 2. Nf3 Nc6 3. Bc4 Nf6 4. d3 Bc5 5. Bg5 h6 6. Bh4 Be7 7. Bg3 d6 8. a4 0-0 9. h3 Be6 10. Bxe6 fxe6 11. 0-0 Qe8 12. c3 b6 13. Qb3 Qd7 14. Nbd2 Nh5 15. d4 exd4 16. Nxd4 Nxg3 17. fxg3 Nxd4 18. cxd4 d5 19. Rfe1 c5 20. Nf3 Bf6 21. Rad1 c4 22. Qc2 b5 23. exd5 exd5 24. Ne5 Bxe5 25. dxe5 Rfe8 26. axb5 Qxb5 27. Qg6 Rad8 28. e6 Re7 29. Qf5 Qb6+ 30. Kh2 d4 31. Re4 d3 32. Rxc4 Qxe6 33. Qxe6+ Rxe6 34. Rc3 d2 35. Rc2 Re2 36. b3 a5 37. Ra2 Rd5 38. Ra4 Re1 39. Raa1 Rde5 40. b4 a4 41. b5 a3 42. b6 Rxd1 43. Rxd1 a2 44. b7 Re8 0-1

[Event "Cetinje Dragasevic Memorial"]
[Site "Cetinje"]
[Date "2024.06.27"]
[Round "7"]
[White "Sukovic, Andrej"]
[Black "Tadic, Stefan"]
[Result "1-0"]
[WhiteElo "2350"]
[BlackElo "2421"]
[PlyCount "47"]
[EventDate "2024.06.22"]
[EventType "swiss"]
[EventRounds "9"]
[EventCountry "MNE"]
[SourceTitle "CBM 220 Extra"]
[Source "ChessBase"]
[SourceDate "2024.07.31"]
[SourceVersion "1"]
[SourceVersionDate "2024.07.31"]
[SourceQuality "1"]

1. e4 e5 2. Nf3 Nc6 3. Bc4 Nf6 4. d3 a6 5. c3 d5 6. exd5 Nxd5 7. 0-0 Be7 8. a4 0-0 9. a5 Bg4 10. h3 Bh5 11. Nbd2 Qd7 12. Nxe5 Qf5 13. Ng4 Rad8 14. Ne4 Qd7 15. Nh6+ gxh6 16. Qxh5 f5 17. Bxh6 Rf7 18. Ng5 Bxg5 19. Bxg5 Nce7 20. Rae1 c6 21. Bxe7 Rxe7 22. Bxd5+ cxd5 23. Rxe7 Qxe7 24. Qxf5 1-0